駅名に「山口」が含まれる駅 - Statistics

General Stats
  • This quiz has been taken 86 times
  • The average score is 10 of 23
Answer Stats
市町村 Answer % Correct
瀬戸市 山口
96%
山口市 山口
96%
山口市 新山口
92%
八王子市 高尾山口
74%
大山町 大山口
66%
所沢市 下山口
64%
犬山市 犬山口
59%
丹波篠山市 篠山口
59%
山口市 上山口
45%
津山市 津山口
42%
富山市 新富山口
40%
紀の川市 西山口
38%
八尾市 信貴山口
33%
大山町 中山口
30%
大津市 坂本比叡山口
29%
深浦町 白神岳登山口
21%
福知山市 大江山口内宮
21%
宮古市 山口団地
19%
南会津町 七ヶ岳登山口
19%
京都市 八瀬比叡山口
18%
貝塚市 三ヶ山口
16%
秩父市 浦山口
12%
北九州市 徳力嵐山口
10%
No matching quizzes found
Score Distribution
Percent of People with Each Score
Percentile by Number Answered
Your Score History
You have not taken this quiz